Catalog

Record Details

Catalog Search



Lifeguard : a novel  Cover Image Book Book

Lifeguard : a novel / by James Patterson and Andrew Gross.

Patterson, James, 1947- (author). Gross, Andrew. (Added Author).

Summary:

The wildest thriller yet from "one of America's most influential authors" (New York Times)...Working as a lifeguard at a luxurious Florida resort, Ned Kelly meets the woman of his dreams. It feels perfect in every way-except that she's used to caviar and Manolo Blahniks, and he's used to burgers and flip-flops.So when Ned's cousin offers to cut him in on a fast break-and-enter job, Ned can't turn it down. The risk is high, and the reward is even greater-

Record details

  • ISBN: 9780316057851
  • ISBN: 0316057851
  • ISBN: 9780446617611
  • ISBN: 044661761X
  • Physical Description: 393 pages ; 25 cm.
  • Edition: First edition.
  • Publisher: New York : Little, Brown and Co., ©2005.
Subject: Lifeguards > Fiction.
Art thefts > Fiction.
Homicide > Fiction.
Cousins > Fiction.
Theft > Fiction.
Florida > Fiction.
Genre: Crime thrillers.
Mystery fiction.
Thrillers (Fiction)

Available copies

  • 1 of 1 copy available at scottsboropl.

Holds

  • 0 current holds with 1 total copy.
Show Only Available Copies
Location Call Number / Copy Notes Barcode Shelving Location Status Due Date
scottsboropl F Pat 32269001084238 Adult - Fiction Available -

LDR 01317cam a2200373 a 4500
001117539
003SBPL
00520160302130624.0
008041005s2005 nyu 000 1 eng
010 . ‡a 2004023414
020 . ‡a9780316057851 ‡q(hardcover)
020 . ‡a0316057851 ‡q(hardcover)
020 . ‡a9780446617611
020 . ‡a044661761X
0243 . ‡a9780316057851 ‡d52695
035 . ‡a(OCoLC)56809462 ‡z(OCoLC)60844230 ‡z(OCoLC)60844234 ‡z(OCoLC)1004905452 ‡z(OCoLC)1020464400 ‡z(OCoLC)1104421295 ‡z(OCoLC)1198389499
05000. ‡aPS3566.A822 ‡bL54 2005
08200. ‡a813/.54 ‡222
1001 . ‡aPatterson, James, ‡d1947- : ‡eauthor
24510. ‡aLifeguard : ‡ba novel / ‡cby James Patterson and Andrew Gross.
246 0. ‡aLife guard
250 . ‡aFirst edition.
260 . ‡aNew York : ‡bLittle, Brown and Co., ‡c©2005.
300 . ‡a393 pages ; ‡c25 cm.
336 . ‡atext ‡btxt ‡2rdacontent
337 . ‡aunmediated ‡bn ‡2rdamedia
338 . ‡avolume ‡bnc ‡2rdacarrier
520 . ‡aThe wildest thriller yet from "one of America's most influential authors" (New York Times)...Working as a lifeguard at a luxurious Florida resort, Ned Kelly meets the woman of his dreams. It feels perfect in every way-except that she's used to caviar and Manolo Blahniks, and he's used to burgers and flip-flops.So when Ned's cousin offers to cut him in on a fast break-and-enter job, Ned can't turn it down. The risk is high, and the reward is even greater- ‡5 million. But the robbery goes devastatingly wrong. Forced to run away from his town and the woman he's fallen in love with, Ned knows that only distance and secrecy can save his life. But who is pursuing him? The FBI? Whoever sabotaged the heist? Or is it all somehow tied in to his new love-and his oldest enemies?
650 0. ‡aLifeguards ‡vFiction.
650 0. ‡aArt thefts ‡vFiction.
650 0. ‡aHomicide ‡vFiction.
650 0. ‡aCousins ‡vFiction.
650 0. ‡aTheft ‡vFiction.
651 0. ‡aFlorida ‡vFiction.
655 7. ‡aCrime thrillers.
655 7. ‡aMystery fiction.
655 7. ‡aThrillers (Fiction) ‡2lcgft
7001 . ‡aGross, Andrew.
901 . ‡a117539 ‡bUnknown ‡c117539 ‡tbiblio

Additional Resources